[Event "Moscow-B"]
[Site "Moscow"]
[Date "1986.03.17"]
[Round "4"]
[White "Kengis, Edvins"]
[Black "Makarichev, Sergey"]
[Result "1/2-1/2"]
[WhiteElo "2475"]
[BlackElo "2495"]
[Annotator "Kengis,E"]
[PlyCount "72"]
[EventDate "1986.03.??"]
[EventType "tourn"]
[EventRounds "11"]
[EventCountry "URS"]
[EventCategory "7"]
[SourceTitle "EXT 2002"]
[Source "ChessBase"]
[SourceDate "2001.11.25"]
[SourceVersion "1"]
[SourceVersionDate "2001.11.25"]
[SourceQuality "1"]

{Inf.41/38} 1. Nf3 Nf6 2. c4 b6 3. g3 c5 4. Bg2 Bb7 5. O-O g6 6. d4 cxd4 7.
Qxd4 Bg7 8. Nc3 Nc6 9. Qf4 O-O 10. Qh4 $5 (10. Rd1 {- Inf.33/(54)}) 10... Na5
11. Bg5 (11. b3 d5 $6 (11... Nh5 $1 $13) 12. Bh6 dxc4 (12... Bxh6 13. Qxh6 dxc4
14. b4 Nc6 15. Ng5 {/\ +-Nce4}) 13. b4 Nc6 14. Ng5 $16 {->>>}) (11. Bh6 Bxh6
12. Qxh6 Nxc4 13. Ng5 Bxg2 14. Kxg2 {(/\ 15.Nce4, 15.Nd5)} d5 15. Rad1 e6 16.
Nce4 Re8 17. Nxf6+ Qxf6 18. Qxh7+ Kf8 19. Qh4 Ke7 20. b3 Nd6 $11 {Makarichev})
11... Rc8 12. b3 Rc5 $1 13. Rac1 (13. Na4 $2 h6 $1 14. Bd2 (14. Nxc5 Bxf3 15.
Bxh6 Bxg2 16. Bxg7 Kxg7 17. Kxg2 bxc5 $17) 14... Rh5 15. Qf4 Rf5 16. Qe3 (16.
Qh4 g5 17. Qd4 Ne4 18. Qd3 Bxa1 19. Rxa1 e6 $17) 16... Ng4 $17) 13... h6 14.
Bxf6 Bxf6 15. Qf4 (15. Qxh6 Bxf3 16. Bxf3 Bg5 17. Qh3 Bxc1 18. Rxc1 Re5 $1 (
18... Nc6 19. Ne4 Re5 20. Qh6 e6 21. h4 Re8 22. Rd1 $1 $13) 19. Ne4 e6 {
/\ d5-/+}) 15... Bg7 16. Rfd1 d6 17. Qe3 Qd7 18. Ne4 (18. Qd3 $5 {Makarichev})
18... Bxe4 19. Qxe4 Rfc8 $11 20. Qb1 $1 R5c7 21. h4 $1 $16 {[><g6]} b5 (21...
h5 22. Ng5 {/\ 23.Bh3, 23.Bd5+/-}) 22. c5 b4 23. h5 g5 24. cxd6 Qxd6 $5 (24...
Rxc1 25. Rxc1 Rxc1+ 26. Qxc1 Qxd6 27. Qc8+ Bf8 28. Qc2 $1 $16) 25. Rxc7 Qxc7
26. Qe4 Qc2 $1 27. Rd8+ (27. Qxc2 Rxc2 28. Rd8+ Bf8 $8 (28... Kh7 $4 29. Nxg5+
$18) 29. Ne5 Rxa2 $5 (29... Kg7 30. Nd7 Rd2 31. Rxf8 Rxd7 32. Ra8 e6 $1 {
/\ Rd2=}) 30. Nd7 Kg7 $1 31. Nxf8 (31. Rxf8 Rd2 $1) 31... Nxb3 32. Rb8 Nd2 $1
$13) 27... Bf8 28. Qxe7 (28. Rxf8+ Kxf8 29. Qe5 Kg8 (29... f6 $5) 30. Qxa5 Qxe2
31. Qxa7 Rc1+ 32. Kh2 Rc2 $1 (32... g4 33. Nh4 Qd1 34. f3 $1 $16) 33. Kg1 (33.
Nd4 $4 Qxh5+ $19) 33... Rc1+ $11) 28... Rxd8 29. Qxd8 Qxa2 30. Nxg5 $1 Qb1+ $6
(30... hxg5 31. Qxg5+ Kh8 32. Qf6+ Kg8 (32... Bg7 33. Qd8+ Kh7 34. Be4+ Kh6 35.
Qg8 $18) 33. Bd5 Qb1+ 34. Kg2 Qh7 35. h6 (35. g4 $5 $16) 35... Nxb3 $8 (35...
Bxh6 36. Qd8+ $18) 36. Bxb3 Bxh6 37. Qc6 $16) (30... Qa1+ $1 31. Kh2 hxg5 32.
h6 Qe5 $1 (32... Nxb3 33. Be4 $1 {/\ h7-h8+-}) 33. h7+ Kxh7 34. Qxf8 Qe6 35.
Bh3 $1 (35. Qxb4 Nxb3 36. Bh3 Qb6 $1 $11) 35... g4 36. Qxb4 gxh3 37. Qxa5 Qxe2
38. Qf5+ $1 (38. Qxa7 Qf3 $11) 38... Kg7 39. Kxh3 $16) 31. Kh2 Qf5 $138 32. Ne4
$2 $138 (32. Nxf7 $1 Kxf7 (32... Qxh5+ 33. Kg1 Kxf7 34. Bd5+ Kg7 35. Qd7+ Kh8
36. Be4 $18) 33. Bd5+ Kg7 34. Kg2 $3 Nxb3 35. Qc7+ Kh8 36. e4 $1 Qxh5 37. Qb8
Kg7 38. Qxa7+ Kh8 (38... Kf6 39. Qb6+ $18) 39. Qb8 Kg7 40. Qc7+ Kh8 41. Qc8 Kg7
42. Qe6 $1 Bc5 43. Bxb3 $22 $18) 32... Nxb3 $11 33. Nf6+ Kg7 34. Ne8+ Kg8 35.
Nf6+ Kg7 36. Ne8+ Kg8 1/2-1/2

[Event "Linares-03"]
[Site "Linares"]
[Date "1981.01.18"]
[Round "2"]
[White "Quinteros, Miguel Angel"]
[Black "Ribli, Zoltan"]
[Result "0-1"]
[WhiteElo "2505"]
[BlackElo "2585"]
[Annotator "Kharitonov,A"]
[PlyCount "80"]
[EventDate "1981.01.17"]
[EventType "tourn"]
[EventRounds "11"]
[EventCountry "ESP"]
[EventCategory "13"]
[SourceTitle "MCL"]
[Source "ChessBase"]
[SourceDate "1999.07.01"]
[SourceVersion "1"]
[SourceVersionDate "1999.07.01"]
[SourceQuality "1"]

1. c4 Nf6 2. Nf3 b6 3. g3 c5 4. Bg2 Bb7 5. O-O e6 6. Nc3 d6 7. Re1 Be7 8. e4 a6
9. d4 cxd4 10. Nxd4 Qc7 11. Be3 $5 Nbd7 (11... Qxc4 $2 12. Rc1 Qb4 13. e5 dxe5
14. Bxb7 Ra7 15. Nc6 $18) 12. f4 $1 (12. Rc1 Ne5 $5 $13) 12... O-O 13. Rc1 Rfe8
14. g4 $1 Nf8 (14... Nc5 15. Bf2 g6 16. b4 Ncd7 17. Nd5 $3 exd5 18. cxd5 Qb8
19. Nc6 Bxc6 20. dxc6 $16 {Lobron,E-Greenfeld,A/JUG/1989/1:0 (37) Inf 48/34/})
15. g5 N6d7 16. b3 Rac8 17. Rf1 (17. h4 $5 {/\Bh3+/-/}) 17... Qb8 18. f5 $1 e5
(18... Ne5 $6 19. f6 Bd8 20. Qh5 $40) (18... Bd8 19. Qh5 g6 20. Qh3 $16) 19.
Nf3 $6 (19. Nde2 $5 {/\Ng3,f6->/}) 19... Bd8 $1 20. a4 $6 (20. Nd2 $5 Nc5 21.
Qe2 $14) 20... Nc5 21. Ne1 Qa8 $1 $132 22. Nd5 (22. Qc2 b5 $5 23. axb5 axb5 24.
cxb5 (24. Bxc5 $2 Rxc5 25. Nxb5 Bxg5) (24. Nxb5 Nxe4 $13) (24. b4 Na6 25. cxb5
Nxb4 26. Qb3 Qa5 27. g6 Re7 $13) 24... Qa5 $13) 22... Bxd5 23. cxd5 (23. exd5
b5 24. axb5 axb5 25. cxb5 Qa5 $13) 23... b5 $1 24. Nd3 Bb6 25. Nxc5 (25. axb5
Nxd3 26. Qxd3 Qa7 $1 27. Bxb6 Qxb6+ 28. Kh1 axb5 $17) 25... Bxc5 26. Bxc5 Rxc5
27. Rxc5 Qa7 $1 28. axb5 (28. b4 dxc5 29. bxc5 Qxc5+ 30. Kh1 Nd7 $15) 28...
Qxc5+ 29. Kh1 axb5 $14 30. Qc1 (30. Qd2 $5 Rc8 31. Ra1 Qc3 32. Qxc3 Rxc3 33. h4
$1 Rxb3 34. Ra8 b4 35. Rb8 $13) 30... Qb4 31. Qc6 Rd8 32. Qb7 $2 (32. Qc2 $1
Ra8 33. h4 Ra3 34. Rb1 $13) 32... Qxb3 $17 33. Qe7 Rd7 34. f6 Qc3 35. Qe8 b4
36. Bf3 $2 (36. Qb8 $1 Rc7 37. Rb1 Rc8 38. Qxd6 (38. Qxb4 $2 Qxb4 39. Rxb4 Rc1+
$19) (38. Qb7 Ng6 $19) 38... Qd2 $1 39. h3 (39. h4 Rc2 40. Rg1 Qf4 $19) 39...
Qxg5 40. fxg7 Ng6 41. Qxb4 Rc2 42. Rg1 Kxg7 $17) 36... Qd3 $1 $19 37. Kg2 (37.
Bg2 b3 38. Qb8 Qc2) 37... Rc7 38. Ra1 (38. Qb8 Rc2+ 39. Rf2 Rxf2+ 40. Kxf2 Qc2+
$19) 38... Qd2+ 39. Kh3 (39. Kh1 Rc1+ 40. Rxc1 Qxc1+ $19) 39... Qc3 $1 (39...
Rc2 $4 40. Qxf8+ $18) 40. Rf1 Qd3 (40... Qd3 41. Kg2 Qd2+ 42. Kh1 (42. Rf2
Qxg5+) 42... Rc2 $19) 0-1

[Event "Linares-03"]
[Site "Linares"]
[Date "1981.01.21"]
[Round "4"]
[White "Karpov, Anatoly"]
[Black "Ribli, Zoltan"]
[Result "1/2-1/2"]
[WhiteElo "2690"]
[BlackElo "2585"]
[Annotator "Kharitonov,A"]
[PlyCount "45"]
[EventDate "1981.01.17"]
[EventType "tourn"]
[EventRounds "11"]
[EventCountry "ESP"]
[EventCategory "13"]
[SourceTitle "MCL"]
[Source "ChessBase"]
[SourceDate "1999.07.01"]
[SourceVersion "1"]
[SourceVersionDate "1999.07.01"]
[SourceQuality "1"]

1. c4 c5 2. Nf3 Nf6 3. Nc3 e6 4. g3 b6 5. Bg2 Bb7 6. O-O Be7 (6... d6 7. d4
cxd4 8. Qxd4 a6 9. Rd1 Be7 10. b3 Nbd7 11. e4 Qc8 12. Bb2 O-O 13. Nd2 Qc7 14.
Rac1 Rac8 15. h3 Rfe8 $10 {Karpov,A-Ribli,Z/Dubai(ol)/1986/1:0 (56) Inf 42/38/}
) 7. d4 cxd4 8. Qxd4 d6 9. e4 O-O 10. b3 Nbd7 11. Bb2 a6 12. Rfd1 (12. Rad1 b5
$5 13. cxb5 axb5 $13) 12... Qc7 13. Qe3 Rfe8 14. Rac1 Bf8 15. Nd4 Rad8 (15...
Rac8 $5) 16. Re1 (16. Qe2 Nc5 17. f3 $5) 16... Qb8 $13 17. Qe2 (17. f3 e5 18.
Nf5 d5 $1 $17) 17... g6 18. Rcd1 (18. f3 $5) 18... Bg7 19. Qc2 Nc5 20. Kh1 Qa8
21. f3 Qb8 22. Qf2 Ba8 (22... d5 $5 23. exd5 (23. e5 Nfd7 $5 24. b4 Nxe5 25.
bxc5 bxc5 26. Nb3 Nxc4 $44) 23... exd5 24. Rxe8+ Rxe8 25. cxd5 Nxd5 26. Nxd5
Bxd5) 23. Ba1 $13 1/2-1/2

[Event "Linares-03"]
[Site "Linares"]
[Date "1981.01.21"]
[Round "4"]
[White "Quinteros, Miguel Angel"]
[Black "Christiansen, Larry Mark"]
[Result "0-1"]
[WhiteElo "2505"]
[BlackElo "2515"]
[Annotator "Kharitonov,A"]
[PlyCount "92"]
[EventDate "1981.01.17"]
[EventType "tourn"]
[EventRounds "11"]
[EventCountry "ESP"]
[EventCategory "13"]
[SourceTitle "MCL"]
[Source "ChessBase"]
[SourceDate "1999.07.01"]
[SourceVersion "1"]
[SourceVersionDate "1999.07.01"]
[SourceQuality "1"]

1. Nf3 Nf6 2. c4 b6 3. g3 Bb7 4. Bg2 c5 5. O-O g6 6. Nc3 Bg7 7. d4 cxd4 8. Nxd4
Bxg2 9. Kxg2 O-O (9... Qc8 10. b3 Qb7+ 11. f3 d5 12. cxd5 Nxd5 13. Nxd5 Qxd5
14. Be3 Nc6 15. Nxc6 Qxc6 16. Rc1 Qe6 17. Qd3 O-O 18. Rfd1 Rac8 19. Rxc8 Qxc8
20. Qd7 $16 {Polugaevsky,L-Smyslov,V/URS(ch)/1976/1:0 (41)/}) 10. e4 Na6 (10...
Qc7 11. Qe2 (11. b3 $6 Nxe4 12. Nxe4 Qe5 13. Qf3 Qxd4 14. Ba3 Nc6 15. Rad1 Qe5
16. Rxd7 Qa5 $13) 11... Nc6 12. Nc2 a6 13. Bg5 b5 $6 (13... Qb7 $142) 14. Rad1
bxc4 15. Ne3 $1 $16 {Chekhov,V-Psakhis,L/Irkutsk/1983/1:0 (44)/}) 11. Be3 Rc8
12. b3 Nc5 13. f3 $14 d6 14. Qd2 a6 15. Rac1 e6 (15... Qd7 $6 16. Nd5 Nxd5 17.
cxd5 $16) 16. Rfd1 Qc7 17. Nde2 Rfd8 18. Bg5 Qb7 $2 (18... Rd7 $142 19. Qf4 (
19. Bh6 $5 $14) 19... Ne8 $14) 19. Qf4 $2 (19. e5 $1 Ng4 (19... dxe5 20. Qxd8+
Rxd8 21. Rxd8+ Bf8 22. Bxf6 $18) 20. exd6 (20. Bxd8 $6 Nxe5 21. Qe3 Rxd8 $44)
20... Ne5 (20... f6 21. Bf4 e5 22. h3 exf4 23. hxg4 fxg3 24. Nxg3 $16) 21. Qe3
$16) 19... Nh5 20. Qh4 f6 21. Be3 f5 $8 22. exf5 exf5 23. Bg5 $6 (23. Nd5 $5
Re8 24. Nec3 $16) 23... Re8 $5 (23... Rd7 24. Nd5 Re8 25. Rc2 $16) 24. Rxd6 (
24. Rc2 $13) 24... b5 $1 $132 25. Ng1 $4 (25. Rc2 $1 Ne6 26. Nd5 Nxg5 27. Qxg5
bxc4 $13 (27... Bf8 $6 28. Rxg6+ $1 hxg6 29. Qxg6+ Bg7 30. Qxh5 bxc4 31. bxc4
$14 Qb1 32. Qxf5 Rxe2+ 33. Rxe2 Qxf5 34. Ne7+ $18 {Byrne,Mednis/})) 25... Bxc3
$1 26. Rxc3 Ne4 $19 27. Rcd3 (27. fxe4 Rxe4 $19) 27... Nxd6 28. Rxd6 bxc4 29.
bxc4 Qb2+ 30. Bd2 (30. Rd2 Qc1) 30... Qxa2 31. Qd4 Qxc4 32. Qxc4+ Rxc4 33. Rxa6
Rc2 34. Rd6 Re1 35. f4 Nf6 36. Nf3 Re2+ 37. Kf1 Rf2+ $1 38. Kxf2 Ne4+ 39. Ke3
Nxd6 40. Kd3 Ra2 41. Be3 Ne4 42. Bd4 Kf7 43. g4 Ra3+ 44. Ke2 fxg4 45. Ne5+ Ke6
46. Nxg4 Kf5 0-1

[Event "Linares-03"]
[Site "Linares"]
[Date "1981.01.20"]
[Round "3"]
[White "Ribli, Zoltan"]
[Black "Portisch, Lajos"]
[Result "1/2-1/2"]
[WhiteElo "2585"]
[BlackElo "2650"]
[Annotator "Kharitonov,A"]
[PlyCount "23"]
[EventDate "1981.01.17"]
[EventType "tourn"]
[EventRounds "11"]
[EventCountry "ESP"]
[EventCategory "13"]
[SourceTitle "MCL"]
[Source "ChessBase"]
[SourceDate "1999.07.01"]
[SourceVersion "1"]
[SourceVersionDate "1999.07.01"]
[SourceQuality "1"]

1. Nf3 Nf6 2. c4 c5 3. Nc3 e6 4. g3 b6 5. Bg2 Bb7 6. O-O Be7 7. d4 cxd4 8. Qxd4
d6 9. Rd1 a6 10. Ng5 Bxg2 11. Kxg2 O-O 12. b3 (12. Nge4 Ne8 13. Be3 (13. Bf4
Ra7 14. Nxd6 Rd7 15. Nce4 g5 (15... f5 $2 16. Qe5 fxe4 17. Qxe6+ Kh8 18. Nf7+
Rxf7 19. Rxd7 Nxd7 20. Qxf7 $16) 16. Be5 Nc6 $19) 13... Nd7 $13 (13... f5 $5
14. Nd2 Nd7 $13)) (12. b3 Nbd7 13. Bb2 (13. Ba3 Nc5 $13) 13... Qc7 14. Nge4
Rfd8 15. Nxf6+ Bxf6 $1 16. Qxd6 $2 (16. Qd2 $142 $10) 16... Qb7+ 17. f3 $2 (17.
Kg1 $142 Ne5 18. Qa3 Nc6 19. Ne4 Be7 20. Nd6 Qc7 21. c5 bxc5 $10 {Kovacevic,
V-Ljubojevic,L/JUG/1978/0:1 (40)/}) 17... Ne5 18. Qa3 Ng4 $17 {Ruderfer,
M-Psakhis,L/URS/1980/0:1 (35)/}) 1/2-1/2

[Event "Bundesliga 0405"]
[Site "Germany"]
[Date "2005.03.12"]
[Round "12.5"]
[White "Nyback, Tomi"]
[Black "Beliavsky, Alexander G"]
[Result "1-0"]
[WhiteElo "2554"]
[BlackElo "2660"]
[Annotator "Knaak,R"]
[PlyCount "123"]
[EventDate "2004.11.12"]
[EventType "team-tourn"]
[EventRounds "15"]
[EventCountry "GER"]
[SourceTitle "CBM 106"]
[Source "ChessBase"]
[SourceDate "2005.06.06"]
[SourceVersion "1"]
[SourceVersionDate "2005.06.06"]
[SourceQuality "1"]
[WhiteTeam "Werder Bremen"]
[BlackTeam "Porz"]
[WhiteTeamCountry "GER"]
[BlackTeamCountry "GER"]

1. Nf3 Nf6 2. c4 e6 3. Nc3 c5 4. g3 b6 5. Bg2 Bb7 6. O-O Be7 7. d4 cxd4 8. Qxd4
d6 9. Rd1 a6 10. Ng5 Bxg2 11. Kxg2 Nc6 12. Qf4 O-O 13. b3 Qb8 14. Nge4 Rd8 15.
Ba3 Ne8 16. Ng5 Bxg5 17. Qxg5 b5 18. Ne4 bxc4 19. bxc4 Ra7 20. Rab1 Rb7 21.
Rxb7 Qxb7 22. f3 Qc7 23. Bb2 h6 24. Qh4 Na5 25. Rc1 Rb8 26. Ba3 Qc6 27. Qf4 Rd8
28. Bb4 Nb7 29. g4 Qa4 30. Qd2 Rc8 31. Qb2 Qc6 32. Bd2 Nc5 33. Ng3 Na4 34. Qa3
Nf6 35. g5 hxg5 36. Bxg5 Nd7 37. Rd1 Nac5 38. Be7 Ne5 39. Rxd6 Qc7 40. Rd8+
Rxd8 41. Bxd8 Qd6 42. Qb4 Ned7 43. Bg5 Ne4 44. Be7 Qxb4 45. Bxb4 Nxg3 46. Kxg3
Ne5 {[%mdl 4096] Der Vorteil von Weiß ist unübersehbar. Am einfachsten wäre es,
wenn der weiße K Richtung Pa6 läuft und diesen erobert.} 47. Kf4 $1 Nc6 $1 {
[%csl Ga5,Gb5,Gc4,Gd5,Ge5] Nun zeigt sich, dass Schwarz eine Festung hat und
der weiße c-Bauer ist Teil dieser Festung; Weiß kann nur gewinnen, wenn er ein
Feld erobert, z.B. d5.} ({Nach} 47... Nxc4 $2 48. Ke4 {ist der erwähnte Marsch
zum Pa6 nicht zu verhindern.} Nb6 49. Ke5 Nd5 (49... Kh7 50. Kd6 Nd5 51. Bd2
Nb6 52. Kc6 Nc4 53. Bc1 $18) 50. Bd2 Nb6 51. Kd4 Nd7 52. Kc4 $18) 48. Bc3 f6 {
Schwarz kann einen Bauernzug hinausschieben, aber völlig passiv agieren geht
wohl nicht; Weiß würde h4, h5, Kg5, f4, f5 spielen und dann käme f5-f6.} (48...
g6 $2 49. Kg5 Kf8 50. Kf6 Kg8 51. e4 Kf8 52. f4 Kg8 53. f5 gxf5 54. exf5 exf5
55. Kxf5 Kf8 56. Ke4 $18) 49. h4 Kf7 {/\ g6=} 50. h5 {Der notwendige Vortoß
des h-Bauern hat vielleicht die wahren Absichten des Weißen verschleiert -
f3-f4-f5 und das Feld d5 kann nicht länger von einem schwarzen Bauern
verteidigt werden.} Ne7 $2 (50... g6 $1 51. hxg6+ (51. h6 $5 g5+ 52. Kg3 $1 (
52. Ke3 Kg6 53. h7 Kxh7 54. Bxf6 Kg6 55. Bc3 Kf5 56. c5 g4 57. fxg4+ Kxg4 $11)
52... Kg6 $1 (52... e5 53. h7 $1 (53. Kg4 Kg6 54. e4 Kxh6 55. Kf5 Kg7 56. Ke6
Nd4+ 57. Ke7 Nxf3 58. c5 g4 59. c6 g3 60. c7 g2 61. c8=Q g1=Q 62. Qf8+ Kh7 $11)
53... Kg7 54. Kg4 Ne7 55. Bb4 Nc6 56. Bc5 Kxh7 57. Kf5 Kg7 58. Ke6 {mit
Gewinnchancen}) 53. h7 Kxh7 54. Bxf6 Kg6 55. Bc3 Kh5 $1 56. c5 Ne7 {Weiß kann
eigentlich nur auf Gewinn spielen, wenn er den c-Bauern irgend wann opfert und
mit dem König zum Pa6 läuft, z.B.:} 57. a3 Nc6 58. a4 Ne7 59. c6 Nxc6 60. Kf2
Kg6 61. Ke3 Kf5 62. Kd3 e5 63. Kc4 e4 64. Kc5 exf3 65. exf3 Ne5 $11) 51... Kxg6
{ist remis - Weiß kann keine Fortschritte mehr machen.}) 51. Ke4 Nc6 (51... Nf5
52. Be1 g6 53. hxg6+ Kxg6 54. Kd3 e5 55. Bf2 Kf7 56. Kc3 Ke6 57. Kb4) 52. f4
f5+ {Das verliert chancenlos.} (52... Kg8 53. f5 Kf7 54. Kf4 exf5 (54... Ke7
55. e4 e5+ (55... Kf7 56. e5) 56. Ke3 Kd6 57. a3 Ke7 58. Bb4+ Ke8 59. Bc5 Kf7
60. Bd6) 55. Kxf5 Ne7+ 56. Ke4 Ke6 57. Kd4 Nf5+ 58. Kc5 Ng3 59. Kb6 Nxe2 60.
Bd2) 53. Kd3 $18 Kg8 54. e4 Kh7 (54... fxe4+ 55. Kxe4 {/\ f5}) 55. exf5 exf5
56. c5 Kh6 57. Kc4 Ne7 58. Be5 Kxh5 59. Bxg7 Kg6 60. Bf8 Nc6 61. Kd5 Nb4+ 62.
Ke6 (62. Kd6 Nxa2 63. c6 Nc3 64. c7 Nb5+ 65. Kd7 Nxc7 66. Kxc7 $18) 1-0

[Event "Lippstadt 11th"]
[Site "Lippstadt"]
[Date "2003.08.15"]
[Round "9"]
[White "Cyborowski, Lukasz"]
[Black "Smeets, Jan"]
[Result "0-1"]
[WhiteElo "2550"]
[BlackElo "2477"]
[Annotator "Konikowski,J"]
[PlyCount "76"]
[EventDate "2003.08.07"]
[EventType "tourn"]
[EventRounds "11"]
[EventCountry "GER"]
[EventCategory "9"]
[SourceTitle "CBM 097"]
[Source "ChessBase"]
[SourceDate "2003.11.11"]
[SourceVersion "1"]
[SourceVersionDate "2003.11.11"]
[SourceQuality "1"]

1. Nf3 c5 2. c4 Nf6 3. Nc3 e6 4. g3 b6 5. Bg2 Bb7 6. O-O Be7 7. d4 cxd4 8. Qxd4
Nc6 9. Qf4 d6 10. Rd1 O-O 11. b3 Qb8 12. Bb2 Ne5 (12... a6 13. Ne4 Nxe4 14.
Qxe4 Ne5 15. Qe3 Nxf3+ 16. Bxf3 b5 17. c5 Bxf3 18. cxd6 Bxd6 19. exf3 Rd8 20.
Rd4 Bf8 21. Rc1 Rxd4 22. Bxd4 Qb7 23. Qe4 Qxe4 24. fxe4 f6 25. Rc6 e5 26. Bb6
a5 27. Bc5 $11 {Petrosian,T-Smejkal,J/Banja Luka 1979/}) 13. e4 (13. Rac1 a6
14. Nxe5 dxe5 15. Qd2 Bxg2 16. Kxg2 Qb7+ {1/2-1/2 Velikov,P-Gervasio,R/
Besancon 2003/}) 13... a6 14. Nd4 Rd8 $146 {[%mdl 8]} (14... Qc7 15. Qe3 Rac8
16. h3 Nc6 17. Nc2 Nd7 18. Qe2 Rfd8 19. Rd2 Bf6 20. Rad1 Nf8 21. Ne3 Ne7 22.
Ng4 Bxc3 23. Bxc3 b5 24. Bb4 bxc4 25. bxc4 Qxc4 26. Qxc4 Rxc4 27. Bxd6 Neg6 28.
Ne3 Ra4 29. e5 $16 {Armas,J-Herrera,I/CUB 1989/}) (14... Nxc4 15. bxc4 e5 16.
Qd2 exd4 17. Qxd4 Bc6 18. Rab1 Qb7 19. Nd5 Bxd5 20. cxd5 Rfe8 21. Ba1 Rab8 22.
Rdc1 Rec8 23. Bh3 Rc7 24. a4 b5 25. e5 dxe5 26. Qxe5 Rxc1+ 27. Rxc1 bxa4 28. d6
Bf8 29. d7 $14 {Yap,A-Vitolinsh,A/Jurmala 1985/}) 15. Qe3 Qc7 16. Rac1 Rac8 17.
Qe2 Qb8 18. Re1 Qa8 19. Rcd1 Ned7 20. f4 Nc5 {[%cal Ra8e4,Rb7e4,Rc5e4,Rf6e4,
Gc3e4,Ge1e4,Ge2e4,Gg2e4]} 21. g4 Ne8 22. g5 Bf8 23. h4 (23. f5 $5) 23... b5 24.
cxb5 axb5 25. Ndxb5 Ba6 26. b4 Nd7 27. f5 e5 28. a4 Nb6 29. Qf2 (29. f6 Rxc3
30. Bxc3 Nxa4 31. Ba1 Rb8 32. Rd5 Nb6 33. Rd2 Na4 34. Rd5 $11) 29... Qb7 30. f6
d5 31. exd5 Bxb4 32. d6 Qb8 33. Rxe5 Nxd6 34. Nd5 Nxd5 35. Bxd5 (35. Rexd5 Bb7
36. Nxd6 Bxd6 37. Rxd6 Rxd6 38. Rxd6 Qxd6 39. Bxb7 Qd1+ 40. Qf1 Qxf1+ (40...
Qg4+ $4 41. Bg2 Rc2 42. Be5 Qxh4 43. Qf4 $18) 41. Kxf1 Rb8 42. Bc3 Rxb7 43. Ke2
$11) 35... Nc4 (35... Nxb5 36. g6 hxg6 37. axb5 Bxb5 38. fxg7 Bc5 39. Bxf7+ Kh7
40. g8=Q+ Rxg8 41. Bxg8+ Kxg8 42. Rxc5 Rxc5 43. Qe3 (43. Qxc5 Qg3+ $11) 43...
Rc6 44. Qb3+ Rc4 45. Rd7 $18) 36. fxg7 Rd7 37. Rf1 $4 {[%cal Rd5f7,Rf1f7,Rf2f7,
Gd7f7,Gg8f7][%mdl 8192]} (37. Qf5 $142 Rxd5 (37... Nxe5 38. Bxe5 Qb6+ 39. Bd4
Bc5 40. Qxd7 Bxd4+ 41. Rxd4 $18) 38. Rdxd5 Nxb2 39. Rd7 Qb6+ 40. Nd4 $18) 37...
Nxe5 38. Bxe5 Qxe5 (38... Qxe5 39. Bxf7+ Kxg7 $19) 0-1

[Event "EU-ch 2nd"]
[Site "Ohrid"]
[Date "2001.06.09"]
[Round "8"]
[White "Georgiev, Kiril"]
[Black "Moiseenko, Alexander"]
[Result "0-1"]
[WhiteElo "2676"]
[BlackElo "2561"]
[Annotator "Kostakiev,D"]
[PlyCount "80"]
[EventDate "2001.06.01"]
[EventType "swiss"]
[EventRounds "13"]
[EventCountry "YUG"]
[SourceTitle "CBM 084"]
[Source "ChessBase"]
[SourceDate "2001.09.13"]
[SourceVersion "1"]
[SourceVersionDate "2001.09.13"]
[SourceQuality "1"]

1. c4 c5 2. b3 e5 3. Bb2 Nc6 4. g3 {It was Richard Reti who proclaimed century
ago the advantages of the double fianketo. Kiril Georgiev is among
grandmasters who more or less are sharing Reti's ideas. Here we shall see a
good Black's way to equalize the game.} Nf6 5. Bg2 d5 6. cxd5 Nxd5 7. Nf3 (7.
d3 Be6 8. Nd2 Qd7 9. a3 Be7 10. Ngf3 f6 11. Rc1 Rc8 12. O-O O-O 13. Ne4 (13.
Re1 Rfd8 14. Ne4 Nd4 15. Nfd2 f5 {1-0 Plaskett,J-Handley,M/Barnsdale 1989/TD 
(29)}) 13... b6 14. e3 Nc7 {0-1 Pelikan,J-Emma,J/Mar del Plata 1958/MCL (28). 
(28)}) 7... f6 {The Black's pawn structure was applioed first by M. Botvinnik
1932 against solo (Bg2) fianketo. See the classic game Lisitsin,G - Botvinnik,
M/Leningrad 1932/HCL (0-1,44)} 8. O-O (8. Nc3 Nc7 9. O-O Bg4 10. d3 {0-1
Messmer,M-Schulz,K/Germany 1989/GER-chT (35)}) 8... Be7 (8... Be6 9. Nc3 Rc8 {
1-0 McNab,C-Pajak,J/Dortmund 1980/EXT 2000 (43)} (9... Bd6 $1 $11) 10. Qb1 g6
11. h4 b6 12. h5 Bf5 13. e4 {1-0 McNab,C-Pajak,J/Dortmund 1980/EXT 2000 (43)})
(8... Bd6 $5 9. d3 O-O 10. Nc3 Nxc3 11. Bxc3 Be6) 9. d3 (9. Nc3 $5 Be6 10. Rc1
{1/2-1/2 Andersson,U-Sax,G/Szirak 1990/EXT 97 (31)} (10. e3 O-O 11. d4 Nxc3 12.
Bxc3 {1-0 Karlsson,L-Bengtsson,B/Stockholm 1977/MCD (41)}) 10... Rc8 11. Nh4
Nxc3 12. dxc3 c4 {1/2-1/2 Andersson,U-Sax,G/Szirak 1990/EXT 97 (31)}) 9... O-O
$11 10. Nbd2 (10. a3 $5 Bg4 11. Nbd2 Qd7 12. Rc1 Nd4 13. e3 Nxf3+ 14. Bxf3 $11)
10... Be6 11. a3 Qd7 12. Re1 (12. e3 Nc7 13. Qc2 {1/2-1/2 Csom,I-Medvegy,Z/
FSGM February, Budapest HUN 2001 (17)}) 12... Rfd8 13. e3 Nc7 14. Bf1 Rac8 (
14... Bh3) 15. Qc2 Bf8 16. Rac1 (16. Ne4 b6 (16... Qd5 $5) 17. Rac1 {1-0
Quinteros,M-Nedilsky,D/Acasusso 1994/EXT 2000 (46). (46)}) 16... Qf7 (16... b6
$5) 17. Ba1 Kh8 18. Qb1 Rd7 19. Ne4 Na6 20. Rc3 Rcd8 21. Rec1 Qh5 22. Nh4 (22.
Bg2) 22... f5 $17 23. Nd2 Nc7 24. Bb2 Be7 25. Ng2 Nd5 26. R3c2 Nf6 (26... Qg6
$142 $17) 27. f3 $15 h6 28. Nc4 Bxc4 29. bxc4 Nh7 30. Be2 Ng5 31. f4 Nf3+ 32.
Kf2 (32. Bxf3 Qxf3 33. Rf2 Qg4 $11) 32... e4 33. dxe4 fxe4 34. Bc3 Ncd4 35. h4
(35. exd4 $1 $17 cxd4 36. Qb5 Qxh2 37. Ba5 b6 $17) 35... Bf6 $17 36. exd4 cxd4
37. Be1 $6 (37. Qb5 Qxb5 38. cxb5 dxc3 39. Bxf3 $17) 37... d3 $19 38. Ne3 Bd4
39. c5 Bxe3+ 40. Kxe3 dxe2 0-1